| 000 | 01907nam a22002897a 4500 | ||
|---|---|---|---|
| 001 | 8109 | ||
| 003 | FISKH | ||
| 005 | 20250825151830.0 | ||
| 008 | 250825b cb ||||| |||| 00| 0 eng d | ||
| 020 | _a9789995054328 | ||
| 040 |
_aFISKH _bkhr _cFISKH _dFISKH |
||
| 050 | _aPZ7 | ||
| 100 | _aMasoumbeiki, Setareh | ||
| 245 |
_aថ្ងៃដែលសាលារៀនហោះ / _cBy Setareh Moasoumbeiki , Drew McDowell and កូវ កុលបុត្រ |
||
| 260 |
_aភ្នំពេញ : _bក្រុមបោះពុម្ពផ្សាយ ស៊ីប៉ា Editions SIPAR , _c2010. |
||
| 300 |
_a24 pages : _bcolor illustrations ; _c25 cm . |
||
| 505 | _aK | ||
| 520 | _aសាលារៀនមួយដែលចេះហោះហើរ។ ប៊ិចវេទមន្តដែលធ្វើអោយក្តីសុបិន្តរបស់កុមារក្លាយជាការពិត។ ជ័រលុបវេទមន្តដែលអាចលុបបំបាត់ជម្លោះ។ ដំណើរផ្សងព្រេងវេទមន្តមួយ ដែលកុមារត្រូវបានស្រមើស្រមៃឡើង ដើម្បីភ្លេចពីអារម្មណ៍លំបាកក្នុងជីវិតប្រចាំថ្ងៃរបស់ពួកគេ។ | ||
| 520 | _aA flying school. Magical pens making the children's dreams become true. An earaser easing conflicts. A magical adventure imagined by children to forget their difficult situation of daily life. | ||
| 521 | 8 |
_a510
_bLexile estimate |
|
| 521 | 8 |
_aK
_bRaz-Plus |
|
| 650 |
_aថ្ងៃដែលសាលារៀនហោះ _vរឿងនិទានកុមារ |
||
| 650 |
_aDay school can fly _vChildren's Stories |
||
| 700 |
_aPisal, Ky _eIllustration |
||
| 942 |
_2ddc _cKHB _n0 |
||
| 999 |
_c8109 _d8109 |
||